| 000 | 00871cam a2200241 a 4500 | ||
|---|---|---|---|
| 020 | _a0787900966 (alk. paper) | ||
| 040 | _cDLC | ||
| 082 | 0 | 0 | _a362 JOS 1995 A014 Or. |
| 100 | 1 | _aGoonan, Kathleen Jennison. | |
| 245 | 1 | 4 |
_aThe Juran prescription : _bclinical quality management / |
| 250 | _a1st ed. | ||
| 260 |
_aSan Francisco : _bJossey-Bass Publishers, _cc1995. |
||
| 300 |
_axxiii, 229 p. ; _c24 cm. |
||
| 490 | 1 | _aJoint publication in the Jossey-Bass health and management series | |
| 650 | 0 | _aMedical care | |
| 650 | 0 | _aTotal quality management. | |
| 650 | 1 | 2 | _aTotal Quality Management |
| 650 | 1 | 2 | _aQuality Assurance, Health Care |
| 856 | 4 | 2 | _uhttp://www.loc.gov/catdir/bios/wiley042/94046126.html |
| 856 | 4 | 2 | _uhttp://www.loc.gov/catdir/description/wiley034/94046126.html |
| 856 | 4 | _uhttp://www.loc.gov/catdir/toc/onix06/94046126.html | |
| 942 | _cEK | ||
| 999 |
_c12875 _d12875 |
||